Windows 95. Resource Kit pro českou verzi systému

Enregistré dans:
Détails bibliographiques
Format: Livre
Langue:tchèque
Publié: Praha : Computer Press, 1996
Édition:2. vyd.
Tags: Ajouter un tag
Pas de tags, Soyez le premier à ajouter un tag!

MARC

LEADER 00000nam a22000003a 4500
001 stu31949
005 20150408180945.0
008 970422s1996----xr------------------cze-d
020 |a 80-85896-39-7 
040 |a STU  |b slo 
041 0 |a cze 
044 |a xr 
080 |a 681.3.066 Windows 
245 |a Windows 95. Resource Kit pro českou verzi systému 
250 |a 2. vyd. 
260 |a Praha :  |b Computer Press,  |c 1996 
300 |a 1188 s 
996 |b J93010  |c J*93010  |l JJK10  |s P  |a 0  |w stu31949_0001